000 00548nam a2200181Ia 4500
008 100917s9999 xx 000 0 und d
082 _b40906
100 _aगोवंडे श्रीकांत
245 _aचार चतुर भाऊ
260 _bइंडिया बुक कंपनी
_c1978
300 _a32
365 _b1.5
520 _aबालविभाग
630 _aचार चतुर भाऊ
650 _aबालविभाग
730 _aचार चतुर भाऊ
942 _cBOOK
999 _c646300
_d646297